International journal of biometeorology: IJB ; journal of the International Society of Biometeorology

Saved in:  
Bibliographic Details
Format: Electronic Journal
Language:English
Published: Berlin Heidelberg Springer 1959-
Berlin Heidelberg New York, NY Springer früher
In:Year: 1959
Online Access: Volltext (Frontdoor-Url)
Volltext (Verlag; 40.1997 -)
Check availability: HBZ Gateway
Subito Delivery Service: Order now.
Volumes / Articles:Show volumes/articles.
Keywords:

MARC

LEADER 00000cas a2200000 c 4500
001 253724341
003 DE-627
005 20251107164619.0
007 cr |||||||||||
008 990127c19599999gw z| p|o 0 |0eng c
015 |a 02,A01,0852  |2 dnb 
016 7 |a 019526369  |2 DE-101 
016 7 |a 1459227-7  |2 DE-600 
022 |a 1432-1254 
030 |a IJBMAO 
035 |a (DE-627)253724341 
035 |a (DE-576)072373156 
035 |a (DE-599)ZDB1459227-7 
035 |a (OCoLC)1355384366 
035 |a (DE-He213)484 
040 |a DE-627  |b ger  |c DE-627  |e rakwb 
041 |a eng 
044 |c XA-DE 
082 0 4 |a 570  |q DE-600 
084 |a 32  |a 31  |a 33  |a 570  |a 580  |a 590  |2 sdnb 
084 |a 38.84  |2 bkl 
084 |a 44.08  |2 bkl 
210 1 0 |a Int J Biom 
210 1 0 |a Int J Biometeorol 
245 0 0 |a International journal of biometeorology  |b IJB ; journal of the International Society of Biometeorology 
246 3 3 |a IJB 
246 3 3 |a Biometeorology 
247 1 0 |a International journal of bioclimatology and biometeorology  |f Hauptsacht. 1.1957 - 4.1960 
264 3 1 |a Berlin  |a Heidelberg  |b Springer  |c 1959- 
264 2 1 |a Berlin  |a Heidelberg  |a New York, NY  |b Springer  |c früher 
300 |a Online-Ressource 
336 |a Text  |b txt  |2 rdacontent 
337 |a Computermedien  |b c  |2 rdamedia 
338 |a Online-Ressource  |b cr  |2 rdacarrier 
362 0 |a 1.1957 - 
363 0 1 |i 1957 
365 |b EUR 128.85 (Einzelh.), EUR 429.49 (jährl., incl. basis Link license) 
500 |a Gesehen am 03.11.05 
515 |a Ersch. unregelmäßig 
583 1 |a Archivierung/Langzeitarchivierung gewährleistet  |2 pdager  |5 DE-101 
591 |a C!URL-Änderung(2-11-12) 
655 7 |a Zeitschrift  |0 (DE-588)4067488-5  |0 (DE-627)10454466X  |0 (DE-576)20917000X  |2 gnd-content 
689 0 0 |d s  |0 (DE-588)4145640-3  |0 (DE-627)105589624  |0 (DE-576)209742984  |a Biometeorologie  |2 gnd 
689 0 |5 DE-101 
689 1 0 |d s  |0 (DE-588)4145640-3  |0 (DE-627)105589624  |0 (DE-576)209742984  |a Biometeorologie  |2 gnd 
689 1 1 |d s  |0 (DE-588)4067488-5  |0 (DE-627)10454466X  |0 (DE-576)20917000X  |a Zeitschrift  |2 gnd 
689 1 2 |d s  |0 (DE-588)4511937-5  |0 (DE-627)248012134  |0 (DE-576)213199033  |a Online-Ressource  |2 gnd 
689 1 |5 DE-101 
689 2 0 |d s  |0 (DE-588)4145640-3  |0 (DE-627)105589624  |0 (DE-576)209742984  |a Biometeorologie  |2 gnd 
689 2 |5 DE-101 
776 1 |x 0367-8253 
776 1 |x 0020-7128 
856 4 0 |u https://ezb.ur.de/?1459227-7  |x Frontdoor-Url  |7 1 
856 4 0 |u https://link.springer.com/journal/484  |x Verlag; 40.1997 -  |7 1 
912 |a ZDB-1-SOJ 
912 |a ZDB-2-COE 
936 b k |a 38.84  |j Meteorologie: Sonstiges  |0 (DE-627)106406965 
936 b k |a 44.08  |j Medizinische Meteorologie  |0 (DE-627)106409573 
938 1 0 |0 (DE-627)1756196389  |0 (DE-615)6602146  |a Zeitschrift  |2 fivt 
951 |a JT 
ELC |a 1 
LOK |0 000 xxxxxcy a22 3n 4500 
LOK |0 001 2805935160 
LOK |0 003 DE-627 
LOK |0 004 253724341 
LOK |0 005 20240619104028 
LOK |0 007 ccruuuuuuuuuuuu 
LOK |0 008 140705||||||||||||||||ger||||||| 
LOK |0 035   |a (DE-600)294010866 
LOK |0 040   |a DE-21  |c DE-627  |d DE-21 
LOK |0 092   |o k  |p n  |p p 
LOK |0 093   |e Volltext online u. Druckausg.  |f Nationallizenz  |g Kostenpflichtig 
LOK |0 852   |a DE-21 
LOK |0 852 1  |9 00 
LOK |0 85640  |u https://ezb.ur.de/detail.phtml?bibid=UBTUE&jour_id=896  |x EZB 
LOK |0 85900  |8 1.1  |a 1  |i 1957 
LOK |0 85910  |8 1.2  |a 47  |i 2002 
LOK |0 866   |x Nationallizenz 
LOK |0 86630  |a 1.1957 - 47.2002 
LOK |0 912   |a natli_springer 
LOK |0 935   |a cofz  |a zezb 
LOK |0 938   |l Volltext online u. Druckausg.  |8 0 
LOK |0 938   |l Nationallizenz  |8 1 
LOK |0 938   |l Kostenpflichtig  |8 2 
LOK |0 939   |a 30-10-18  |b zez 
LOK |0 000 xxxxxcy a22 3n 4500 
LOK |0 001 2820491634 
LOK |0 003 DE-627 
LOK |0 004 253724341 
LOK |0 005 20240413083207 
LOK |0 007 ccruuuuuuuuuuuu 
LOK |0 008 141107||||||||||||||||ger||||||| 
LOK |0 035   |a (DE-600)303267542 
LOK |0 040   |a DE-21  |c DE-627  |d DE-21 
LOK |0 092   |o k  |p p 
LOK |0 093   |e Volltext online u. Druckausg.  |f Konsortiallizenz  |g Kostenpflichtig 
LOK |0 852   |a DE-21 
LOK |0 852 1  |9 00 
LOK |0 85640  |u https://ezb.ur.de/detail.phtml?bibid=UBTUE&jour_id=896  |x EZB 
LOK |0 85900  |8 1.1  |a 48  |i 2003 
LOK |0 85910  |8 1.2  |a 63  |i 2019 
LOK |0 866   |x Springer Landeslizenz BaWü 
LOK |0 86630  |a 48.2003 - 63.2019 
LOK |0 935   |a cofz  |a zezb 
LOK |0 938   |l Volltext online u. Druckausg.  |8 0 
LOK |0 938   |l Konsortiallizenz  |8 1 
LOK |0 938   |l Kostenpflichtig  |8 2 
LOK |0 939   |a 30-10-18  |b zez 
LOK |0 000 xxxxxcy a22 3n 4500 
LOK |0 001 3425026585 
LOK |0 003 DE-627 
LOK |0 004 253724341 
LOK |0 005 20240412142300 
LOK |0 007 ccruuuuuuuuuuuu 
LOK |0 008 190420||||||||||||||||ger||||||| 
LOK |0 035   |a (DE-600)617260877 
LOK |0 040   |a DE-21  |c DE-627  |d DE-21 
LOK |0 092   |o n 
LOK |0 093   |e Volltext online u. Druckausg.  |f Konsortiallizenz  |g Kostenpflichtig 
LOK |0 852   |a DE-21 
LOK |0 852 1  |9 00 
LOK |0 85640  |u https://ezb.ur.de/detail.phtml?bibid=UBTUE&jour_id=896  |x EZB 
LOK |0 85901  |8 1.1  |a 40  |i 1997 
LOK |0 866   |x Übergangsvereinbarung DEAL 
LOK |0 86630  |a 40.1997,1 - 
LOK |0 935   |a cofz  |a zezb 
LOK |0 938   |l Volltext online u. Druckausg.  |8 0 
LOK |0 938   |l Konsortiallizenz  |8 1 
LOK |0 938   |l Kostenpflichtig  |8 2 
LOK |0 939   |a 22-02-19  |b zez 
LOK |0 000 xxxxxcy a22 3n 4500 
LOK |0 001 3670222642 
LOK |0 003 DE-627 
LOK |0 004 253724341 
LOK |0 005 20240508172902 
LOK |0 007 ccruuuuuuuuuuuu 
LOK |0 008 200523||||||||||||||||ger||||||| 
LOK |0 035   |a (DE-600)678124388 
LOK |0 040   |a DE-21  |c DE-627  |d DE-21 
LOK |0 092   |o k 
LOK |0 093   |e Volltext online u. Druckausg.  |f Konsortiallizenz  |g Kostenpflichtig 
LOK |0 852   |z Keine Lieferung an Document Delivery Systems 
LOK |0 852   |a DE-21 
LOK |0 852 1  |9 00 
LOK |0 85640  |u https://ezb.ur.de/detail.phtml?bibid=UBTUE&jour_id=896  |x EZB 
LOK |0 85901  |8 1.1  |a 64  |i 2020 
LOK |0 866   |x SpringerNature DEAL 
LOK |0 86630  |a 64.2020,1 - 
LOK |0 935   |a cofz  |a zezb 
LOK |0 938   |l Volltext online u. Druckausg.  |8 0 
LOK |0 938   |l Konsortiallizenz  |8 1 
LOK |0 938   |l Kostenpflichtig  |8 2 
LOK |0 939   |a 07-05-20  |b zez 
ORI |a SA-MARC-krimdokb001.raw 
SPR |a 1  |t KRI